000 00721nam a22002417a 4500
999 _c33662
_d33662
001 2936
003 CO-MdFUSB
005 20180622073126.0
008 180417t1982 sp ||||| |||| 00| 0 spa d
020 _a84-7151-332-3
040 _aCO-MdFUSB
_bspa
_cCO-MdFUSB
_dCO-MdFUSBC
_erda
041 0 _aspa
_hlat
082 0 4 _aG 227.81 T831p
100 1 _aTrimaille, Michel
_eautor
245 3 _aLa primera carta a los tesalonicenses
_c / Michel Trimaille
264 4 _aEstella, Navarra :
_b Verbo Divino,
_c©1982
300 _a74 Pag.
336 _2rdacontent
_atexto
_btxt
337 _2rdamedia
_asin mediación
_bn
338 _2rdacarrier
_avolumen
_bnc
653 _aBiblia N.T - Tesalonicenses - Comentarios
942 _cBK